LEADER 00983nam0 22002891i 450 001 RML0293098 005 20231121125737.0 010 $a0030839939 100 $a20121121d1976 ||||0itac50 ba 101 | $aeng 102 $aus 181 1$6z01$ai $bxxxe 182 1$6z01$an 200 1 $aSolid state physics$fNeil W. Ashcroft, N. David Mermin 210 $a[s. l.] $cBrooks/Cole $d1976 215 $aXXI, 826 p.$cill.$d24 cm. 676 $a530.41$9$v21 700 1$aAshcroft$b, Neil W.$3RMLV177128$028284 701 1$aMermin$b, N.David$3RMLV177127$01445278 801 3$aIT$bIT-01$c20121121 850 $aIT-FR0099 899 $aBiblioteca Area Ingegneristica$bFR0099 912 $aRML0293098 950 0$aBiblioteca Area Ingegneristica$d 54DAE 530.4 ASH/2$e 54VM 0000626835 VM barcode:ING0000016. - Inventario:727AVM$fA $h20060803$i20121204 977 $a 54 996 $aSolid state physics$93628359 997 $aUNICAS LEADER 01481nam 2200445 450 001 9910825130103321 005 20220528160345.0 010 $a84-1377-373-3 035 $a(CKB)4100000011883446 035 $a(MiAaPQ)EBC6538797 035 $a(Au-PeEL)EBL6538797 035 $a(OCoLC)1246578642 035 $a(MiAaPQ)EBC6781170 035 $a(EXLCZ)994100000011883446 100 $a20220528d2021 uy 0 101 0 $aspa 135 $aurcnu|||||||| 181 $ctxt$2rdacontent 182 $cc$2rdamedia 183 $acr$2rdacarrier 200 10$aCuestiones tributarias actuales a la luz del derecho de propiedad $edisciplina de la Unio?n Europea versus disciplina estatal /$fCarlos Mari?a Lo?pez Espadafor and David Garci?a Guerrero 210 1$aMadrid, Spain :$cDykinson,$d[2021] 210 4$dİ2021 215 $a1 online resource (125 pages) 606 $aLaw$xInternational unification 606 $aTaxation$zEuropean Union countries 606 $aRight of property$zEuropean Union countries 615 0$aLaw$xInternational unification. 615 0$aTaxation 615 0$aRight of property 676 $a341.481 700 $aLo?pez Espadafor$b Carlos Mari?a$01213057 702 $aGarci?a Guerrero$b David 801 0$bMiAaPQ 801 1$bMiAaPQ 801 2$bMiAaPQ 906 $aBOOK 912 $a9910825130103321 996 $aCuestiones tributarias actuales a la luz del derecho de propiedad$93952102 997 $aUNINA